000 00649nam a2200241Ia 4500
003 OSt
005 20220918225624.0
006 a|||||r|||| 00| 0
007 ta
008 220917b |||||||| |||| 00| 0 eng d
024 _a244,047
037 _cTextual
040 _aARTS
_cARTS
_beng
041 _2eng
_aeng
082 _aO152,1:g(P:75), P6
100 _aSingh Jaswant
_9150819
245 0 _aBhasha bhushan
_b Satik
260 _aBanaras
_bHindi Sahtiya kutir India
_c2006
300 _a126p.
_ccm.
650 _aENGLISH LITERATURE
942 _hO152,1:g(P:75), P6
_cTEXL
_2CC
999 _c285293
_d285293